000 00198 a2200097 4500
020 _a9788484180395
041 _aspa
100 _aTakamado no Miya Hisako
245 _aLuli, el iceberg
942 _cBK
999 _c31974
_d31972